000 00738cab a2200253 4500
001 WB3507-23
008 090401t1999 xxu||||| |||| 00| 0 eng d
035 _a(Sirsi) u91354
041 _aeng
245 _aGrants could be paid in euros
260 _c1999
350 _a0
490 _aFinancial Times
_v15 February 1999, 20(1)
520 _aGovernment is telling overseas companies that want to invest in the Britain that it will denominate some regional aid grants in euros.
650 _aEUROS
650 _aEXCHANGE RATES
650 _aGRANTS
650 _aINVEST IN BRITAIN BUREAU
650 _aOVERSEAS INVESTMENT
650 _aREGIONAL AID
690 _aEUROPE-SINGLE MARKET
942 _n0
948 _c16/02/1999
999 _c57980
_d57980